Thiết bị trao đổi nhiệt /

Giáo trình dùng làm tài liệu cho sinh viên hệ kỹ sư ngành máy lạnh - thiết bị nhiệt và ngành thiết bị năng lượng nhiệt, cho sinh viên ngành luyện kim, hoá chất... Đồng thời nó còn rất bổ ích cho kỹ sư, cán bộ kỹ thuật của các ngành liên quan....

תיאור מלא

שמור ב:
מידע ביבליוגרפי
מחבר ראשי: Bùi Hải, PGS. PTS.
מחברים אחרים: Dương Đức Hồng, PTS., Hà Mạnh Thư, PTS.
פורמט: ספר
שפה:Vietnamese
יצא לאור: Hà Nội : Khoa học và kỹ thuật, 1999.
נושאים:
תגים: הוספת תג
אין תגיות, היה/י הראשונ/ה לתייג את הרשומה!
Thư viện lưu trữ: Mạng thư viện Đại học Đà Nẵng
LEADER 01301cam a2200373 i 4500
001 000042229
003 102
005 20041001094714.0
008 010217b1999 vm 000 vie
020 |c 44000 
022 |a T 
040 |a IRC  |c IRC  |d IRC 
041 0 |a vie 
082 1 4 |a 536.2  |b BU-H 
100 1 |a Bùi Hải,  |c PGS. PTS. 
245 1 0 |a Thiết bị trao đổi nhiệt /  |c Bùi Hải, Dương Đức Hồng, Hà Mạnh Thư. 
260 |a Hà Nội :  |b Khoa học và kỹ thuật,  |c 1999. 
300 |a 444 tr. ;  |c 24 cm. 
520 3 |a Giáo trình dùng làm tài liệu cho sinh viên hệ kỹ sư ngành máy lạnh - thiết bị nhiệt và ngành thiết bị năng lượng nhiệt, cho sinh viên ngành luyện kim, hoá chất... Đồng thời nó còn rất bổ ích cho kỹ sư, cán bộ kỹ thuật của các ngành liên quan. 
630 0 4 |a Truyền nhiệt. 
630 0 4 |a Nhiệt học. 
650 0 4 |a Nhiệt  |x Thiết bị trao đổi. 
700 1 |a Dương Đức Hồng,  |c PTS. 
700 1 |a Hà Mạnh Thư,  |c PTS. 
OWN |a DUT 
999 |a From the UDN01 
TYP |a Monograph 
TYP |a Printed language 
980 |a Mạng thư viện Đại học Đà Nẵng